Dictionnaire des termes techniques de Medicine / (Record no. 70770)

MARC details
000 -LEADER
campo de control de longitud fija 00567nam a2200181 i 4500
001 - NÚMERO DE CONTROL
campo de control 70770
003 - IDENTIFICADOR DE NÚMERO DE CONTROL
campo de control ES-MaACL
007 - CAMPO FIJO DE DESCRIPCIÓN FÍSICA--INFORMACIÓN GENERAL
campo de control de longitud fija t|
008 - DATOS DE LONGITUD FIJA--INFORMACIÓN GENERAL
campo de control de longitud fija 040802s1909 fr ||||1| fre d
100 1# - ENTRADA PRINCIPAL--NOMBRE DE PERSONA
Nombre de persona Garnier, Marcel.
9 (RLIN) 55613
245 10 - MENCIÓN DEL TÍTULO
Título Dictionnaire des termes techniques de Medicine /
Mención de responsabilidad, etc. par Marcel Garnier et V. Delamore ; préface de G. H. Roger.
250 ## - MENCION DE EDICION
Mención de edición 4éme ed.
260 ## - PUBLICACIÓN, DISTRIBUCIÓN, ETC.
Lugar de publicación, distribución, etc. París :
Nombre del editor, distribuidor, etc. [s.n.,
Fecha de publicación, distribución, etc. 1909] (
Fabricante Ph. Renouard)
300 ## - DESCRIPCIÓN FÍSICA
Extensión XIV, 594 p. ;
Dimensiones 15 cm.
700 1# - ENTRADA AGREGADA--NOMBRE PERSONAL
Nombre de persona Delamore, V.
9 (RLIN) 43308
700 1# - ENTRADA AGREGADA--NOMBRE PERSONAL
Nombre de persona Roger, Georges Henri.
9 (RLIN) 98929
852 ## - LOCALIZACIÓN
Ubicación ES-MaACL
Número de control de estantería E-314
Holdings
Estatus retirado Estado de pérdida Estado de daño No para préstamo Biblioteca de origen Biblioteca actual Ubicación en estantería Fecha de adquisición Fuente de adquisición Total de préstamos Signatura topográfica completa Código de barras Visto por última vez Precio de reemplazo Tipo de ítem Koha
        Biblioteca del Ateneo de Madrid Biblioteca del Ateneo de Madrid Depósito 2 17/01/2008     E-314 1074100 23/02/2023 23/02/2023 Libro impreso